Pays actuellement sous dictature - Statistiques

Statistiques générales
  • Ce quiz a été pris 89 fois
    29 depuis la dernière actualisation
  • Le résultat moyen est 32 sur 39
Statistiques - réponses
Par images Réponse % Correct
Cameroun
100%
Egypte
95%
Corée du Nord
91%
Iran
91%
Pakistan
91%
Russie
91%
Turkménistan
91%
Cambodge
86%
Chine
86%
Cuba
86%
Erythrée
86%
Haiti
86%
Kazakhstan
86%
Laos
86%
Mali
86%
Ouzbékistan
86%
Afghanistan
82%
Azerbaïdjan
82%
Biélorussie
82%
Birmanie
82%
Burkina Faso
82%
Libye
82%
Nicaragua
82%
Ouganda
82%
Soudan
82%
Tadjikistan
82%
Tchad
82%
Venezuela
82%
Vietnam
82%
Burundi
77%
Guinée
77%
Niger
77%
Soudan du Sud
77%
Zimbabwe
73%
Congo
68%
Djibouti
68%
République centrafricaine
68%
Guinée équatoriale
64%
Rwanda
64%
Aucun quiz correspondant
Distribution des résultats
% des personnes avec chaque résultat
Percentile par nombre de réponses
Votre historique - résultats
Vous n’avez pas pris ce quiz depuis la dernière actualisation